Phương pháp dạy môn Giáo dục công dân ở trường THCS
v.v...
Đã lưu trong:
| Tác giả chính: | |
|---|---|
| Định dạng: | Sách |
| Năm xuất bản: |
H.
Giáo dục
1998
|
| Chủ đề: | |
| Tags: |
Thêm thẻ
Không có thẻ, Hãy là người đầu tiên gắn thẻ bản ghi này!
|
| LEADER | 01072nam a2200205 4500 | ||
|---|---|---|---|
| 082 | |a 170.71 |b PH104V | ||
| 100 | |a Phạm Văn Hùng | ||
| 245 | |a Phương pháp dạy môn Giáo dục công dân ở trường THCS |c Phạm Văn Hùng, Phùng Văn Phố | ||
| 260 | |a H. |b Giáo dục |c 1998 | ||
| 300 | |a 143tr. |c 20cm. | ||
| 520 | |a v.v... | ||
| 653 | |a Đạo đức | ||
| 653 | |a Giáo dục công dân | ||
| 653 | |a Trường THCS | ||
| 653 | |a Phương pháp dạy học | ||
| 942 | |2 ddc |c STK0 | ||
| 999 | |c 10848 |d 10848 | ||
| 952 | |0 0 |1 0 |2 ddc |4 0 |6 170_710000000000000_PH104V |7 0 |8 100 |9 93576 |a qbu |b qbu |c D2 |d 2015-09-11 |g 5800 |o 170.71 PH104V |p 10006.c1 |r 0000-00-00 |w 2015-09-11 |y STK0 |0 0 |6 170_710000000000000_PH104V | ||
| 952 | |0 0 |1 0 |2 ddc |4 0 |6 170_710000000000000_PH104V |7 0 |8 100 |9 93577 |a qbu |b qbu |c D2 |d 2015-09-11 |g 5800 |o 170.71 PH104V |p 10006.c2 |r 0000-00-00 |w 2015-09-11 |y STK0 |0 0 |6 170_710000000000000_PH104V | ||
| 952 | |0 0 |1 0 |2 ddc |4 0 |6 170_710000000000000_PH104V |7 0 |8 100 |9 93578 |a qbu |b qbu |c D2 |d 2015-09-11 |g 5800 |o 170.71 PH104V |p 10006.c3 |r 0000-00-00 |w 2015-09-11 |y STK0 |0 0 |6 170_710000000000000_PH104V | ||